| 000 | 00498cam a2200169 a 4500 | ||
|---|---|---|---|
| 020 | _a0070584354 | ||
| 040 | _cDLC | ||
| 082 | _a660 HIL 1993 A107 Or. | ||
| 100 | 1 | _aSmallwood, Ian McN. | |
| 245 | 1 | 0 | _aSolvent recovery handbook / |
| 260 |
_aNew York : _bMcGraw-Hill, _cc1993. |
||
| 300 |
_aix, 387 p. : _bill. ; _c25 cm. |
||
| 650 | 0 | _aSolvents | |
| 856 | 4 | 2 | _uhttp://www.loc.gov/catdir/description/mh022/93002110.html |
| 856 | 4 | 1 | _uhttp://www.loc.gov/catdir/toc/mh021/93002110.html |
| 942 | _cEK | ||
| 999 |
_c16888 _d16888 |
||